|
|
|
|
| LEADER |
01500nam a2200349 a 4500 |
| 001 |
c000009193 |
| 003 |
CARM |
| 005 |
00000000000000.0 |
| 008 |
s1986 weaab a s00000 eng d |
| 019 |
1 |
|
|a 4752913
|5 LACONCORD2021
|
| 035 |
|
|
|a (OCoLC)27557440
|5 LACONCORD2021
|
| 040 |
|
|
|a WLB
|c WLB
|
| 042 |
|
|
|a anuc
|
| 043 |
|
|
|a u-at-we
|
| 082 |
1 |
|
|a 380.1459194120463
|2 19
|
| 245 |
0 |
0 |
|a Upper south west country local authorities management group tourism development plan /
|c prepared by Coopers & Lybrand ... [et al.]
|
| 260 |
|
|
|a [Perth, W.A.] :
|b Western Australian Tourism Commission,
|c c1986.
|
| 300 |
|
|
|a 175, [78] p. :
|b ill., maps ;
|c 30 cm.
|
| 500 |
|
|
|a Running title: Upper south west tourism development plan.
|
| 500 |
|
|
|a Cover title: Tourism development plan, south west region.
|
| 500 |
|
|
|a Cover subtitle: Upper south west country local authorities management group special report.
|
| 500 |
|
|
|a "February 1986."
|
| 500 |
|
|
|a Spiral binding.
|
| 504 |
|
|
|a Bibliography: p. D1-D6.
|
| 650 |
|
0 |
|a Tourist trade
|z Western Australia.
|
| 710 |
2 |
0 |
|a Coopers & Lybrand.
|
| 710 |
2 |
0 |
|a Western Australian Tourism Commission.
|
| 740 |
0 |
1 |
|a Upper south west tourism development plan.
|
| 740 |
0 |
1 |
|a Tourism development plan, south west region.
|
| 852 |
8 |
|
|b CARM
|h A3:AB19D5
|i D00905
|p 0046340
|f BK
|
| 999 |
f |
f |
|i e27c7850-b869-591a-8c42-3f185703e51f
|s 399dae61-4649-5cfb-b4aa-bf70fdf1c879
|
| 952 |
f |
f |
|p Can circulate
|a CAVAL
|b CAVAL
|c CAVAL
|d CARM 1 Store
|e D00905
|f A3:AB19D5
|h Other scheme
|i book
|m 0046340
|